Nghiên cứu xác định hàm lượng Cadimi, chì ở một số đại diện của động vật thân mềm chân bụng vùng biển Đà Nẵng bằng phương pháp Von - Ampe hòa tan xung vi phân

Tổng quan: Vài nét về nguyên tố Cadimi. Vài nét về nguyên tố chì...Thực nghiệm. Kết quả

Sparad:
Bibliografiska uppgifter
Huvudupphovsman: Trần, Thị Thu Hương (Tác giả)
Övriga upphovsmän: Lê Thị Mùi Th.S (Hướng dẫn)
Materialtyp: Bok
Språk:Vietnamese
Publicerad: Đà Nẵng Đại học Đà Nẵng 2007
Ämnen:
Taggar: Lägg till en tagg
Inga taggar, Lägg till första taggen!
Thư viện lưu trữ: Mạng thư viện Đại học Đà Nẵng
LEADER 01463nam a2200349 4500
001 000012045
003 8329
005 20120215090205.0
008 120215s2007 viesd
041 |a vie 
072 |a Khóa luận tốt nghiệp 
082 |a 594  |b TR-H 
100 |a Trần, Thị Thu Hương  |e Tác giả 
245 |a Nghiên cứu xác định hàm lượng Cadimi, chì ở một số đại diện của động vật thân mềm chân bụng vùng biển Đà Nẵng bằng phương pháp Von - Ampe hòa tan xung vi phân  |c Trần Thị Thu Hương 
260 |a Đà Nẵng  |b Đại học Đà Nẵng  |c 2007 
300 |a 48 tr.  |b Bảng biểu, hình ảnh  |c 29 cm 
500 |a Khóa luận tốt nghiệp khoa Hóa. 
520 |a Tổng quan: Vài nét về nguyên tố Cadimi. Vài nét về nguyên tố chì...Thực nghiệm. Kết quả 
653 |a Nghiên cứu 
653 |a Cadimi 
653 |a Chì 
700 |a Lê Thị Mùi  |c Th.S  |e Hướng dẫn 
OWN |a LSP 
AVA |a UDN50  |b LSP  |d 594 TR-H  |e available  |t Error 5001 Not defined in file expand_doc_bib_avail.  |f 1  |g 0  |h N  |i 0  |k 1 
999 |a From the UDN01 
AVA |a UDN50  |b LSP  |d 594 TR-H  |e available  |t Error 5001 Not defined in file expand_doc_bib_avail.  |f 1  |g 0  |h N  |i 0  |k 1 
TYP |a Monograph 
TYP |a Printed language 
980 |a Mạng thư viện Đại học Đà Nẵng